000 00525nam a2200181Ia 4500
003 GCL
008 140319s9999 xx 000 0 ara d
040 _aGCL /
_cGCL
082 0 4 _a812.008
_bا م
100 1 _aالفريد فرج
245 1 0 _aالملاحة فى بحار صعبة /
_cالفريد فرج
260 _a[S.N] :
_bدار المستقبل العربى ،
_c1986
300 _a86 ص
490 _a
650 0 4 _aالمسرح العربى
650 0 4 _aالمسرحيات العربية
942 _2ddc
_cBK
999 _c37691
_d37691